00811 a2200169 45000010006000000050017000060080041000230030015000640400040000790800083001192450041002022640043002433000019002865050279003051000028005847000029006123467120260407155633.0260407a1972 arg spa dAR-UNSa-BCEJYS aAR-UNSa-BCEJYSbspacAR-UNSa-BCEJYS a658.14xFinanciación. Financiación de las empresas. Obtención de capital10aSistema estratégico de inversiones 1aBuenos Aires :bEdiciones Macchic1972 a152 p.c23 cm. a1. Problemática del proceso de inversiones - 2. Estilo de dirección - 3. Sistema de información - 4. La variable financiera - 5. La variable económica - 6. Diagnóstico para el crecimiento - 7. Bases operativas de selección de proyectos - 8. Análisis de riesgos1 aGeli, Alejandro César1 aSenderovich, Isaac Aizik